000 00339nam a2200133Ia 4500
008 200615s9999||||xx |||||||||||||| ||und||
020 _a9788126510016
082 _a621.3
_bNET-F
100 _aFRANKLIN FA-KUN KUO,
245 0 _aNETWORK ANALYSIS & SYNTHESIS
250 _aPAPERBACK; 1976
260 _anew delhi
_bWILEY
_c2017
942 _cBK
999 _c29062
_d29062